ISO 3166-1 alpha-3 - Statistics

General Stats
  • This quiz has been taken 17 times
  • The average score is 88 of 249
Answer Stats
Hint Answer % Correct
Afghanistan AFG
100%
Andorra AND
100%
Argentina ARG
100%
Brazil BRA
100%
Canada CAN
100%
China CHN
100%
Cuba CUB
100%
Cyprus CYP
100%
Australia AUS
88%
Austria AUT
88%
Azerbaijan AZE
88%
Benin BEN
88%
Bolivia, Plurinational State of BOL
88%
Chile CHL
88%
Czechia CZE
88%
Germany DEU
88%
Egypt EGY
88%
France FRA
88%
Greece GRC
88%
Albania ALB
75%
Armenia ARM
75%
Belgium BEL
75%
Bulgaria BGR
75%
Bahrain BHR
75%
Colombia COL
75%
Djibouti DJI
75%
Denmark DNK
75%
Ecuador ECU
75%
Finland FIN
75%
Fiji FJI
75%
Hungary HUN
75%
India IND
75%
Korea, Republic of KOR
75%
Lao People's Democratic Republic LAO
75%
Macao MAC
75%
Mexico MEX
75%
Åland Islands ALA
63%
Burundi BDI
63%
Bahamas BHS
63%
Belarus BLR
63%
Belize BLZ
63%
Brunei Darussalam BRN
63%
Bhutan BTN
63%
Cameroon CMR
63%
Dominican Republic DOM
63%
Eritrea ERI
63%
Estonia EST
63%
Gabon GAB
63%
Ghana GHA
63%
Guyana GUY
63%
Hong Kong HKG
63%
Croatia HRV
63%
Iraq IRQ
63%
Israel ISR
63%
Italy ITA
63%
Jamaica JAM
63%
Japan JPN
63%
Kazakhstan KAZ
63%
Kenya KEN
63%
Kiribati KIR
63%
Liechtenstein LIE
63%
Luxembourg LUX
63%
Poland POL
63%
Bangladesh BGD
50%
Bosnia and Herzegovina BIH
50%
Cocos (Keeling) Islands CCK
50%
Congo COG
50%
Comoros COM
50%
Spain ESP
50%
Ethiopia ETH
50%
United Kingdom of Great Britain and Northern Ireland GBR
50%
Georgia GEO
50%
Gibraltar GIB
50%
Gambia GMB
50%
Guatemala GTM
50%
Guam GUM
50%
Iran, Islamic Republic of IRN
50%
Iceland ISL
50%
Jordan JOR
50%
Morocco MAR
50%
Monaco MCO
50%
Mozambique MOZ
50%
Mayotte MYT
50%
Namibia NAM
50%
Nepal NPL
50%
Nauru NRU
50%
New Zealand NZL
50%
Philippines PHL
50%
Korea, Democratic People's Republic of PRK
50%
United States of America USA
50%
American Samoa ASM
38%
Burkina Faso BFA
38%
Barbados BRB
38%
Bouvet Island BVT
38%
Central African Republic CAF
38%
Côte d'Ivoire CIV
38%
Cook Islands COK
38%
Cabo Verde CPV
38%
Cayman Islands CYM
38%
Dominica DMA
38%
Algeria DZA
38%
Falkland Islands (Malvinas) FLK
38%
Micronesia, Federated States of FSM
38%
Guinea GIN
38%
Grenada GRD
38%
Haiti HTI
38%
Indonesia IDN
38%
British Indian Ocean Territory IOT
38%
Ireland IRL
38%
Cambodia KHM
38%
Kuwait KWT
38%
Lebanon LBN
38%
Liberia LBR
38%
Libya LBY
38%
Lesotho LSO
38%
Madagascar MDG
38%
Mali MLI
38%
Malaysia MYS
38%
Niger NER
38%
Nicaragua NIC
38%
Niue NIU
38%
Norway NOR
38%
Pakistan PAK
38%
El Salvador SLV
38%
Eswatini SWZ
38%
Angola AGO
25%
Antarctica ATA
25%
Bonaire, Sint Eustatius and Saba BES
25%
Bermuda BMU
25%
Botswana BWA
25%
Costa Rica CRI
25%
Faroe Islands FRO
25%
Greenland GRL
25%
Jersey JEY
25%
Kyrgyzstan KGZ
25%
Latvia LVA
25%
Maldives MDV
25%
Malta MLT
25%
Mongolia MNG
25%
Mauritania MRT
25%
Montserrat MSR
25%
Martinique MTQ
25%
Mauritius MUS
25%
Malawi MWI
25%
New Caledonia NCL
25%
Norfolk Island NFK
25%
Nigeria NGA
25%
Netherlands, Kingdom of the NLD
25%
Oman OMN
25%
Russian Federation RUS
25%
Sudan SDN
25%
Somalia SOM
25%
South Sudan SSD
25%
Türkiye TUR
25%
Taiwan, Province of China TWN
25%
Holy See VAT
25%
Venezuela, Bolivarian Republic of VEN
25%
South Africa ZAF
25%
Aruba ABW
13%
Anguilla AIA
13%
Antigua and Barbuda ATG
13%
Switzerland CHE
13%
Congo, Democratic Republic of the COD
13%
Curaçao CUW
13%
Christmas Island CXR
13%
Guinea-Bissau GNB
13%
Equatorial Guinea GNQ
13%
Heard Island and McDonald Islands HMD
13%
Honduras HND
13%
Isle of Man IMN
13%
Sri Lanka LKA
13%
Lithuania LTU
13%
Moldova, Republic of MDA
13%
Marshall Islands MHL
13%
North Macedonia MKD
13%
Myanmar MMR
13%
Montenegro MNE
13%
Panama PAN
13%
Peru PER
13%
Papua New Guinea PNG
13%
Portugal PRT
13%
Qatar QAT
13%
Saudi Arabia SAU
13%
Senegal SEN
13%
South Georgia and the South Sandwich Islands SGS
13%
Serbia SRB
13%
Sweden SWE
13%
Chad TCD
13%
Togo TGO
13%
Thailand THA
13%
Tajikistan TJK
13%
Turkmenistan TKM
13%
Tunisia TUN
13%
Tuvalu TUV
13%
Ukraine UKR
13%
Uruguay URY
13%
Uzbekistan UZB
13%
Viet Nam VNM
13%
Yemen YEM
13%
Zambia ZMB
13%
Zimbabwe ZWE
13%
United Arab Emirates ARE
0%
French Southern Territories ATF
0%
Saint Barthélemy BLM
0%
Western Sahara ESH
0%
Guernsey GGY
0%
Guadeloupe GLP
0%
French Guiana GUF
0%
Saint Kitts and Nevis KNA
0%
Saint Lucia LCA
0%
Saint Martin (French part) MAF
0%
Northern Mariana Islands MNP
0%
Pitcairn PCN
0%
Palau PLW
0%
Puerto Rico PRI
0%
Paraguay PRY
0%
Palestine, State of PSE
0%
French Polynesia PYF
0%
Réunion REU
0%
Romania ROU
0%
Rwanda RWA
0%
Singapore SGP
0%
Saint Helena, Ascension and Tristan da Cunha SHN
0%
Svalbard and Jan Mayen SJM
0%
Solomon Islands SLB
0%
Sierra Leone SLE
0%
San Marino SMR
0%
Saint Pierre and Miquelon SPM
0%
Sao Tome and Principe STP
0%
Suriname SUR
0%
Slovakia SVK
0%
Slovenia SVN
0%
Sint Maarten (Dutch part) SXM
0%
Seychelles SYC
0%
Syrian Arab Republic SYR
0%
Turks and Caicos Islands TCA
0%
Tokelau TKL
0%
Timor-Leste TLS
0%
Tonga TON
0%
Trinidad and Tobago TTO
0%
Tanzania, United Republic of TZA
0%
Uganda UGA
0%
United States Minor Outlying Islands UMI
0%
Saint Vincent and the Grenadines VCT
0%
Virgin Islands (British) VGB
0%
Virgin Islands (U.S.) VIR
0%
Vanuatu VUT
0%
Wallis and Futuna WLF
0%
Samoa WSM
0%
No matching quizzes found
Score Distribution
Percent of People with Each Score
Percentile by Number Answered
Your Score History
You have not taken this quiz